000 02457nam a2200301Ia 4500
999 _c36423
_d36423
001 2337
003 GE_BSU
005 20190528143839.0
008 181216s2011||||ge |||||||||||||| ||geo||
020 _a9789941104435
040 _cGE_BSU
041 _ageo
080 _a94(479.22)+572(479.22) ქ-27
245 _cლიანა ბითაძე, დავით ჭითანავა, შორენა ლალიაშვილი და სხვ. ; პროექტის ავტ., ხელმძღვ., პ/მგ რედ. და გამომც. ლიანა ბითაძე ; თსუ-ს ისტ. და ეთნოლ. ინ-ტი, შოთა რუსთაველის ეროვნ. სამეცნ. ფონდი.
_aქართლის მოსახლეობის ეთნიკური ვინაობის საკითხები და ანთროპოლოგიური ტიპის ცვალებადობა ძვ.წ. III ათასწლეულიდან XX საუკუნის ჩათვლით = Questions of ethnic entity of the population of Kartli Region and changes of anthropological type from III millennium B.C. through XX A.D. :
_bმონოგრაფია /
264 _aთბილისი :
_bმერიდიანი,
_c2011.
300 _a856გვ. :
_bცხრ., ნახ. ;
_c30სმ..
653 _a ქართლის ისტორია
653 _a საქართველოს მოსახლეობის ეთნიკური შემადგენლობა
653 _aქართველი ხალხის ანთროპოლოგია; საქართველოს დემოგრაფია
700 _aბითაძე, ლიანა
_eავტორი
_91701
700 _a ჭითანავა, დავით
_eავტორი
_91702
700 _aლალიაშვილი, შორენა
_eავტორი
_91703
700 _a ყვავაძე, ელისო
_eავტორი
_91704
700 _a ზუბიაშვილი, თამაზ
_eავტორი
_91705
710 _aთსუ.
_bისტ. და ეთნოლ. ინ-ტი
_91706
710 _aშოთა რუსთაველის ეროვნ. სამეცნ. ფონდი
_91707
942 _cBK
_2udc